Registration exam questions / (Record no. 21470)
[ view plain ]
| 000 -LEADER | |
|---|---|
| fixed length control field | 01054nam a22002415a 4500 |
| 005 - DATE AND TIME OF LATEST TRANSACTION | |
| control field | 20160322103713.0 |
| 008 - FIXED-LENGTH DATA ELEMENTS--GENERAL INFORMATION | |
| fixed length control field | 160322s2008 enk fr 001 0 eng d |
| 020 ## - INTERNATIONAL STANDARD BOOK NUMBER | |
| International Standard Book Number | 9780853696995 |
| 040 ## - CATALOGING SOURCE | |
| Original cataloging agency | EG-ScBUE |
| Language of cataloging | eng |
| Transcribing agency | EG-ScBUE |
| 082 04 - DEWEY DECIMAL CLASSIFICATION NUMBER | |
| Classification number | 615.1076 |
| Item number | BUK |
| Edition number | 22 |
| 100 1# - MAIN ENTRY--PERSONAL NAME | |
| Personal name | Bukhari, Nadia. |
| 9 (RLIN) | 39623 |
| 245 10 - TITLE STATEMENT | |
| Title | Registration exam questions / |
| Statement of responsibility, etc | Nadia Bukhari. |
| 250 ## - EDITION STATEMENT | |
| Edition statement | 1st ed. |
| 260 ## - PUBLICATION, DISTRIBUTION, ETC. (IMPRINT) | |
| Place of publication, distribution, etc | London : |
| Name of publisher, distributor, etc | Pharmaceutical Press / RPS Publishing, |
| Date of publication, distribution, etc | 2008. |
| 300 ## - PHYSICAL DESCRIPTION | |
| Extent | xv, 140 p. ; |
| Dimensions | 22 cm. |
| 490 0# - Series Statement | |
| Series statement | Tomorrow's pharmacist ; |
| Volume/sequential designation | 2 |
| 500 ## - GENERAL NOTE | |
| General note | Index : p. 135-140. |
| 520 ## - SUMMARY, ETC. | |
| Summary, etc | UK pharmacy trainees must take the registration exam at the end of the pre-registration year in order to practice pharmacy in Great Britain. Written by a former question writer for the Society Registration exam, this work contains over 400 open and closed-book questions with descriptive answers, giving the reasoning behind the answers. |
| 650 #7 - SUBJECT ADDED ENTRY--TOPICAL TERM | |
| Topical term or geographic name as entry element | Pharmacy |
| Form subdivision | Examinations, questions, etc. |
| Source of heading or term | BUEsh |
| 9 (RLIN) | 39624 |
| 651 ## - SUBJECT ADDED ENTRY--GEOGRAPHIC NAME | |
| Source of heading or term | BUEsh |
| 653 ## - INDEX TERM--UNCONTROLLED | |
| Resource For college | Pharmacy |
| Arrived date list | March2016 |
| 942 ## - ADDED ENTRY ELEMENTS (KOHA) | |
| Source of classification or shelving scheme | Dewey Decimal Classification |
| Withdrawn status | Item status | Source of classification or shelving scheme | Damaged status | Not for loan | Vendor | Home library | Current library | Shelving location | Date acquired | Source of acquisition | Cost, normal purchase price | Serial Enumeration / chronology | Total Checkouts | Full call number | Barcode | Date last seen | Koha item type |
|---|---|---|---|---|---|---|---|---|---|---|---|---|---|---|---|---|---|
| Dewey Decimal Classification | Scientific home BookShop | Central Library | Central Library | First floor | 22/03/2016 | Purchase | 250.00 | 1 | 615.1076 BUK | 000032133 | 15/07/2025 | Book - Borrowing |